A practical guide to tropical aquarium fish

Bibliographic Details
Main Author: Crow, Richard
Other Authors: Keeley, Dave
Format: Book
Published: London : Tiger Books International PLC , 1995
Subjects:

MARC

LEADER 00000cam a2200000 7i4500
001 0000057393
005 20151223.0
008 151223
020 |a 1855012065 
020 |a 9781855012066 
090 0 0 |a 639.34   |b CRO 
100 1 |a Crow, Richard 
245 1 0 |a A practical guide to tropical aquarium fish   |c Richard Crow and Dave Keeley 
260 |a London :   |b Tiger Books International PLC ,   |c 1995 
300 |a 124pg. :   |b col. ill. 
500 |a Includes Index 
650 0 |a Aquarium fishes 
650 0 |a Marine fishes 
650 0 |a Tropical fish 
700 1 |a Keeley, Dave 
999 |a 0000830444   |b Book   |c Adult Collection   |e Cawangan Muar 
999 |a 0000830445   |b Book   |c Adult Collection   |e Cawangan Bandar Penawar 
999 |a 0000830447   |b Book   |c Adult Collection   |e Cawangan Tmn. Ungku Tun Aminah 
999 |a 0000830448   |b Book   |c Adult Collection   |e Cawangan Segamat 
999 |a 0000830449   |b Book   |c Adult Collection   |e Cawangan Segamat